[Event "AUT-chT2O 1415"]
[Site "Austria"]
[Date "2015.01.25"]
[Round "7.5"]
[White "Weinzettl, Ernst"]
[Black "Weber, Gerold"]
[Result "0-1"]
[WhiteElo "2297"]
[BlackElo "2376"]
[PlyCount "136"]
[EventDate "2014.10.18"]
[EventType "team-tourn"]
[EventRounds "11"]
[EventCountry "AUT"]
[SourceTitle "EXT 2016"]
[Source "ChessBase"]
[SourceDate "2015.10.08"]
[SourceVersion "1"]
[SourceVersionDate "2015.10.08"]
[SourceQuality "1"]
[WhiteTeam "Poechlarn"]
[BlackTeam "Tschaturanga"]
[WhiteTeamCountry "AUT"]
[BlackTeamCountry "AUT"]

1. e4 c5 2. Nf3 d6 3. d4 cxd4 4. Nxd4 Nf6 5. Nc3 a6 6. Bg5 e6 7. f4 Qc7 8. Bxf6 gxf6 9. Be2 Nc6 10. Nb3 b5 11. Bh5 Bb7 12. f5 b4 13. Ne2 e5 14. Ng3 a5 15. 0-0 a4 16. Nd2 Nd4 17. c3 bxc3 18. bxc3 Qxc3 19. Rc1 Qa5 20. Nc4 Qa7 21. Kh1 Rd8 22. Ne3 Rd7 23. Nd5 Bg7 24. Ne2 Bxd5 25. Nxd4 Qxd4 26. Qxd4 exd4 27. exd5 Bh6 28. Rc8+ Rd8 29. Rc7 0-0 30. Rd1 Be3 31. Ra7 Ra8 32. Rd7 Kg7 33. h4 Rab8 34. Ra7 Ra8 35. Rxa8 Rxa8 36. Rd3 Ra5 37. Bd1 Rxd5 38. Bxa4 Rxf5 39. Bc6 Rc5 40. Bf3 Ra5 41. a3 f5 42. Bd1 Rc5 43. Kh2 Rc1 44. Kg3 Ra1 45. Kf3 Kf6 46. g3 Ke5 47. a4 Ra2 48. Be2 Rxa4 49. Rb3 Ra7 50. Bd3 d5 51. Be2 Rc7 52. Rb1 Rc3 53. Rd1 f4 54. gxf4+ Bxf4+ 55. Bd3 f5 56. Kg2 Rxd3 57. Rxd3 Ke4 58. Ra3 d3 59. Kf2 Be3+ 60. Ke1 h5 61. Ra4+ d4 62. Ra3 d2+ 63. Kd1 f4 64. Ra8 f3 65. Re8+ Kf4 66. Rg8 f2 67. Rf8+ Kg4 68. Ke2 Kxh4 0-1

[Event "AUT-chT2O 1112"]
[Site "Austria"]
[Date "2011.11.06"]
[Round "4.2"]
[White "Ganaus, Hannes"]
[Black "Weber, Gerold"]
[Result "1-0"]
[WhiteElo "2293"]
[BlackElo "2393"]
[PlyCount "133"]
[EventDate "2011.10.15"]
[EventType "team-tourn"]
[EventRounds "11"]
[EventCountry "AUT"]
[SourceTitle "EXT 2013"]
[Source "ChessBase"]
[SourceDate "2012.11.22"]
[SourceVersion "1"]
[SourceVersionDate "2012.11.22"]
[SourceQuality "1"]
[WhiteTeam "Eichgraben"]
[BlackTeam "Tschaturanga"]
[WhiteTeamCountry "AUT"]
[BlackTeamCountry "AUT"]

1. d4 d5 2. Nf3 Nf6 3. c4 c6 4. e3 a6 5. Nc3 b5 6. c5 g6 7. b3 Bg7 8. Bb2 Nbd7 9. b4 a5 10. a3 0-0 11. Be2 Ne4 12. Nxe4 dxe4 13. Nd2 Nf6 14. a4 Bd7 15. axb5 cxb5 16. bxa5 Rxa5 17. 0-0 Be6 18. Qc2 Rxa1 19. Rxa1 Qc7 20. g3 h5 21. Bf1 h4 22. Bg2 hxg3 23. hxg3 Qb7 24. Ra5 Rb8 25. Qb1 Bf8 26. Qa1 Qd7 27. Ra6 Bd5 28. Qc1 Qf5 29. Qd1 Qc8 30. Ra1 Bh6 31. Qe2 Qe6 32. Ra5 Qc6 33. Bf1 Be6 34. Rxb5 Rc8 35. Rb6 Qd5 36. Bg2 Bg4 37. Qc4 Qh5 38. Rxf6 exf6 39. Nxe4 Bg7 40. Nd6 Rb8 41. Qxf7+ Kh8 42. Ne8 Qh6 43. Bd5 Qh7 44. Nxf6 Bxf6 45. Qxf6+ Qg7 46. Qxg7+ Kxg7 47. Bc3 Kf8 48. Kg2 Ke7 49. Ba5 Rb2 50. Bc7 Kd7 51. Be5 Ke7 52. Be4 g5 53. d5 Rb4 54. Bd4 Be2 55. Bf3 Bb5 56. g4 Rb1 57. Be4 Rc1 58. Bf5 Bd7 59. Bxd7 Kxd7 60. Kf3 Rc2 61. e4 Rc4 62. Be3 Rc3 63. e5 Rc4 64. c6+ Kc7 65. Bxg5 Rd4 66. e6 Ra4 67. Bf4+ 1-0

[Event "AUT-chT2O 1011"]
[Site "Austria"]
[Date "2010.10.30"]
[Round "3.1"]
[White "Weber, Gerold"]
[Black "Zilka, Stepan"]
[Result "1/2-1/2"]
[WhiteElo "2399"]
[BlackElo "2479"]
[PlyCount "74"]
[EventDate "2010.10.02"]
[EventType "team-tourn"]
[EventRounds "11"]
[EventCountry "AUT"]
[SourceTitle "EXT 2011"]
[Source "ChessBase"]
[SourceDate "2010.11.26"]
[SourceVersion "1"]
[SourceVersionDate "2010.11.26"]
[SourceQuality "1"]
[WhiteTeam "Tschaturanga"]
[BlackTeam "Nickelsdorf"]
[WhiteTeamCountry "AUT"]
[BlackTeamCountry "AUT"]

1. d4 Nf6 2. Nf3 e6 3. c4 d5 4. cxd5 exd5 5. g3 Be7 6. Bg2 0-0 7. 0-0 c6 8. Nc3 Nbd7 9. Ne1 Re8 10. Nd3 Bf8 11. f3 c5 12. e3 b6 13. a4 Ba6 14. Rf2 g6 15. Nf4 cxd4 16. exd4 Bg7 17. g4 h6 18. Nfe2 Nf8 19. Bf4 g5 20. Bg3 Ng6 21. Nb5 Bxb5 22. axb5 Qd7 23. Qb3 Nh7 24. Rd1 Nhf8 25. Bf1 Ne6 26. h3 Ngf4 27. Bxf4 Nxf4 28. Ng3 Re6 29. Nf5 Qe8 30. Qb4 Bf8 31. Qd2 Rc8 32. h4 f6 33. Rh2 Rc7 34. hxg5 fxg5 35. Kh1 Kf7 36. Kg1 Kg8 37. Kh1 Kf7 1/2-1/2

[Event "AUT-chT qual"]
[Site "Jenbach"]
[Date "2001.??.??"]
[Round "1.2"]
[White "Reich, Thomas"]
[Black "Weber, Gerold"]
[Result "0-1"]
[WhiteElo "2375"]
[BlackElo "2383"]
[PlyCount "110"]
[EventDate "2001.04.20"]
[EventType "team"]
[EventRounds "3"]
[EventCountry "AUT"]
[SourceTitle "EXT 2003"]
[Source "ChessBase"]
[SourceDate "2002.11.25"]
[SourceVersion "1"]
[SourceVersionDate "2002.11.25"]
[SourceQuality "1"]

1. d4 d5 2. Nf3 Nf6 3. g3 c6 4. Bg2 Nbd7 5. 0-0 e6 6. c4 Be7 7. Nc3 0-0 8. Qc2 a6 9. e4 dxc4 10. a4 e5 11. dxe5 Ng4 12. e6 fxe6 13. e5 Qe8 14. Bf4 Qh5 15. h4 Ndxe5 16. Nxe5 Nxe5 17. Bxe5 Qxe5 18. Rfe1 Qf5 19. Be4 Qh5 20. Bg2 e5 21. Qe4 Qf7 22. Qe2 Bc5 23. Ne4 Bd4 24. Kh2 Bf5 25. Nd6 Bd3 26. Nxf7 Bxe2 27. Rxe2 Rxf7 28. f3 Re8 29. Rd1 Rd7 30. Rc2 b5 31. Bh3 Rd6 32. Bf5 h6 33. Be4 Kf7 34. Kh3 Ke7 35. Re1 Kd7 36. a5 Rf6 37. h5 Kd6 38. Rb1 Kc5 39. b4+ Kd6 40. Rd1 c5 41. bxc5+ Kxc5 42. Kg4 Rb8 43. Rdc1 Rd6 44. Kf5 Be3 45. Re1 Rf8+ 46. Kg4 Bd2 47. Rd1 Rfd8 48. Kf5 b4 49. Rb1 Rf6+ 50. Kg4 Rd4 51. Rd1 c3 52. Kh3 Rxe4 53. fxe4 Rf2 54. Rb1 Kc4 55. Ra2 Be3 0-1

[Event "AUT-chT2O 9900"]
[Site "Austria"]
[Date "1999.10.24"]
[Round "1.1"]
[White "Alvir, Aco"]
[Black "Weber, Gerold"]
[Result "1-0"]
[WhiteElo "2408"]
[BlackElo "2395"]
[PlyCount "91"]
[EventDate "1999.??.??"]
[EventType "team"]
[EventRounds "11"]
[EventCountry "AUT"]
[SourceTitle "EXT 2001"]
[Source "ChessBase"]
[SourceDate "2000.11.22"]
[SourceVersion "1"]
[SourceVersionDate "2000.11.22"]
[SourceQuality "1"]

1. e4 c5 2. Nf3 d6 3. d4 cxd4 4. Nxd4 Nf6 5. Nc3 a6 6. Bg5 e6 7. f4 Qc7 8. Qd3 Nc6 9. 0-0-0 Bd7 10. Be2 Rc8 11. Kb1 Nxd4 12. Qxd4 Qc5 13. Qd2 Bc6 14. Bxf6 gxf6 15. Bf3 b5 16. Rhe1 Be7 17. Re3 0-0 18. Rde1 Kh8 19. Rd3 b4 20. Nd5 exd5 21. exd5 Bb5 22. Rde3 Bd8 23. Bg4 Rc7 24. Bf5 Rg8 25. Qd1 Rg6 26. Bxg6 hxg6 27. f5 Kg7 28. Qd2 Bd7 29. g4 Bb5 30. h4 a5 31. fxg6 fxg6 32. h5 g5 33. c3 Rf7 34. cxb4 axb4 35. Rc1 Qa7 36. Re6 Qa6 37. Qxb4 Bd3+ 38. Ka1 Bc7 39. a3 Bb5 40. Qc3 Ba5 41. Qe3 Bd8 42. Qe4 Kf8 43. h6 Qb7 44. Re1 Qd7 45. Qg6 Bb6 46. Rxf6 1-0

[Event "AUT-chT2M 9899"]
[Site "Austria"]
[Date "1998.11.27"]
[Round "1"]
[White "Heimberger, Reinhard"]
[Black "Weber, Gerold"]
[Result "1-0"]
[WhiteElo "2280"]
[BlackElo "2395"]
[PlyCount "95"]
[EventDate "1998.11.??"]
[EventType "team-swiss"]
[EventRounds "11"]
[EventCountry "AUT"]
[SourceTitle "EXT 2000"]
[Source "ChessBase"]
[SourceDate "1999.11.16"]
[SourceVersion "1"]
[SourceVersionDate "1999.11.16"]
[SourceQuality "1"]

1. d4 b5 2. e4 a6 3. Nf3 e6 4. Bd3 c5 5. c3 Qc7 6. 0-0 Nc6 7. d5 Ne5 8. Nxe5 Qxe5 9. a4 b4 10. Nd2 Qb8 11. c4 g5 12. Nb3 h6 13. f4 Be7 14. e5 d6 15. Qf3 g4 16. Qxg4 dxe5 17. Qf3 e4 18. Bxe4 f5 19. dxe6 fxe4 20. Qh5+ Kd8 21. Rd1+ Kc7 22. Qe5+ Kb6 23. a5+ Kb7 24. Qxh8 Bxe6 25. Qh7 Qc7 26. Be3 Nf6 27. Qxh6 Bxc4 28. Nd2 Bd3 29. Qh3 Rd8 30. Rac1 c4 31. Kh1 Nd5 32. Nxc4 Bxc4 33. Rd4 Nc3 34. Rxd8 Qxd8 35. bxc3 b3 36. Qh7 Bd3 37. Bc5 b2 38. Re1 e3 39. Qxe7+ Qxe7 40. Bxe7 e2 41. Kg1 Kc6 42. Kf2 Kb5 43. Bb4 Ka4 44. g4 Kb3 45. f5 Kc2 46. f6 Bc4 47. h4 Kd2 48. Ba3 1-0

[Event "AUT-chT qual"]
[Site "Vienna"]
[Date "1998.??.??"]
[Round "3"]
[White "Hort, Vlastimil"]
[Black "Weber, Gerold"]
[Result "1-0"]
[WhiteElo "2510"]
[BlackElo "2360"]
[PlyCount "91"]
[EventDate "1998.??.??"]
[EventType "team"]
[EventRounds "3"]
[EventCountry "AUT"]
[SourceTitle "EXT 1999"]
[Source "ChessBase"]
[SourceDate "1998.11.16"]
[SourceVersion "1"]
[SourceVersionDate "1998.11.16"]
[SourceQuality "1"]

1. d4 Nf6 2. c4 g6 3. Nc3 Bg7 4. e4 d6 5. Nge2 0-0 6. Ng3 c5 7. d5 e6 8. Be2 exd5 9. exd5 a6 10. a4 Nbd7 11. 0-0 Ne8 12. f4 f5 13. Ra3 Rb8 14. Kh1 Kh8 15. Bd2 Nef6 16. Bf3 Ng8 17. a5 b5 18. axb6 Nxb6 19. b3 Re8 20. Re1 Rxe1+ 21. Bxe1 Nd7 22. Nce2 h6 23. Qc2 Ndf6 24. h3 Ra8 25. Ba5 Qf8 26. Ra1 Ra7 27. Re1 Rb7 28. Nc1 h5 29. Nd3 Bh6 30. Bc3 Kh7 31. Qd1 Rc7 32. Nf1 Re7 33. Nd2 Qe8 34. Rxe7+ Qxe7 35. Qe2 Qxe2 36. Bxe2 g5 37. b4 gxf4 38. bxc5 Ne4 39. Nxe4 fxe4 40. cxd6 Bg7 41. Ne5 Nf6 42. Ba5 Kh6 43. c5 Nxd5 44. d7 Bxd7 45. Nxd7 Kg5 46. c6 1-0

[Event "AUT-chT2O 9697"]
[Site "Austria"]
[Date "1997.??.??"]
[Round "?"]
[White "Weber, Gerold"]
[Black "Eisterer, Heinrich"]
[Result "1/2-1/2"]
[WhiteElo "2350"]
[BlackElo "2340"]
[PlyCount "121"]
[EventDate "1996.??.??"]
[EventType "team"]
[EventRounds "11"]
[EventCountry "AUT"]
[SourceTitle "EXT 1998"]
[Source "ChessBase"]
[SourceDate "1997.11.17"]
[SourceVersion "1"]
[SourceVersionDate "1997.11.17"]
[SourceQuality "1"]

1. d4 Nf6 2. Bg5 e6 3. e4 h6 4. Bxf6 Qxf6 5. Nc3 d6 6. Nf3 Nd7 7. Qe2 e5 8. d5 a6 9. h3 h5 10. a4 g6 11. g3 Bh6 12. Bg2 Qe7 13. Qc4 Nf6 14. 0-0 g5 15. Nh2 g4 16. h4 Rg8 17. Rfe1 Kf8 18. Nf1 Ne8 19. Ne3 Rg6 20. a5 Ng7 21. Ncd1 Kg8 22. Qb3 f5 23. exf5 Rf6 24. Be4 Rb8 25. Re2 Bxe3 26. Nxe3 Nxf5 27. Nxf5 Bxf5 28. Bg2 Bd7 29. c4 Qf7 30. Rf1 b5 31. axb6 cxb6 32. Qe3 a5 33. Rd2 Bf5 34. Ra1 Qg6 35. Ra3 Qh6 36. Qe1 Rf7 37. Rb3 Rc7 38. Bf1 Qg6 39. Qe3 Rc5 40. Qe1 Kg7 41. Rd1 Be4 42. Re3 Bf3 43. Ra1 Qf6 44. b3 Rb7 45. Ra2 Rbc7 46. Qd2 Ra7 47. Re1 Qh6 48. Qd3 Rac7 49. Qb1 Ra7 50. Qa1 Rac7 51. Qb2 Ra7 52. Rea1 Rb7 53. b4 axb4 54. Qxb4 Qf6 55. Qb3 Be4 56. Re1 Qf3 57. Qxf3 Bxf3 58. Rb2 Rc8 59. Reb1 Rcb8 60. Bd3 e4 61. Bc2 1/2-1/2

[Event "AUT-chT2O 9495"]
[Site "Austria"]
[Date "1995.??.??"]
[Round "?"]
[White "Weber, Gerold"]
[Black "Csoke, Krisztian"]
[Result "1-0"]
[WhiteElo "2355"]
[BlackElo "2295"]
[PlyCount "105"]
[EventDate "1994.??.??"]
[EventType "team"]
[EventRounds "11"]
[EventCountry "AUT"]
[SourceTitle "EXT 1999"]
[Source "ChessBase"]
[SourceDate "1998.11.16"]
[SourceVersion "1"]
[SourceVersionDate "1998.11.16"]
[SourceQuality "1"]

1. d4 d5 2. c4 dxc4 3. Nf3 c5 4. e3 cxd4 5. exd4 Be6 6. Nc3 Nf6 7. Ne5 Nc6 8. Nxc6 bxc6 9. Qa4 Bd5 10. Be3 e6 11. Nxd5 Qxd5 12. Bxc4 Qd7 13. Rc1 Nd5 14. Ba6 Rb8 15. 0-0 Rxb2 16. Bc4 Nxe3 17. fxe3 Bb4 18. Rb1 Rxb1 19. Rxb1 Bd6 20. Qa6 0-0 21. Rb7 Qc8 22. Qxa7 c5 23. d5 exd5 24. Bxd5 Qg4 25. Rb1 Qh5 26. Bf3 Qxh2+ 27. Kf2 Qh4+ 28. Ke2 Qc4+ 29. Kd2 Be5 30. Qa5 Bf6 31. Rc1 Qh4 32. Ke2 c4 33. Qa4 Rc8 34. Qa6 Re8 35. Qc6 Rb8 36. Rxc4 Qg5 37. Rc2 Rd8 38. a4 Qa5 39. Qb5 Qa7 40. a5 h6 41. Qb6 Qxb6 42. axb6 Rb8 43. b7 Kh7 44. Rc7 Kg6 45. Be4+ Kg5 46. Rxf7 Kg4 47. Rc7 h5 48. Bf3+ Kg3 49. Rc1 g5 50. Rc8 Be5 51. Kd3 g4 52. Bc6 Kf2 53. Ke4 1-0